[Event "I Open Adriatico Ionio A"]
[Site "Ancona ITA"]
[Date "2009.01.04"]
[Round "3"]
[White "Drasko, Milan"]
[Black "Kizov, Atanas"]
[Result "1-0"]
[WhiteElo "2533"]
[BlackElo "2404"]
[PlyCount "87"]
[EventDate "2009.01.02"]

1. Nf3 d5 2. g3 Bg4 3. Bg2 Nd7 4. O-O c6 5. d3 Ngf6 6. Qe1 e5 7. e4 dxe4 8.
dxe4 Bc5 9. Nbd2 O-O 10. h3 Be6 11. Ng5 Qe7 12. Nxe6 Qxe6 13. Qe2 a5 14. a4
Rfd8 15. Qc4 Qe7 16. Nf3 Nb6 17. Qe2 Ne8 18. Bd2 f6 19. Rfd1 Nc7 20. b3 Bb4 21.
c3 Bc5 22. Be1 Ne6 23. h4 Qf7 24. Rxd8+ Rxd8 25. Rd1 Bf8 26. Rxd8 Nxd8 27. c4
Bb4 28. Bxb4 axb4 29. Qd2 Qe7 30. Bh3 c5 31. a5 Na8 32. h5 Kf8 33. Bf5 Nc6 34.
a6 Nd4 35. Nxd4 cxd4 36. a7 h6 37. Kf1 Qc5 38. Be6 Ke7 39. Bd5 Kd7 40. Bxb7
Qxa7 41. Qxb4 Nc7 42. c5 Qa1+ 43. Kg2 Qc3 44. Qb6 1-0

[Event "I Open Adriatico Ionio A"]
[Site "Ancona ITA"]
[Date "2009.01.04"]
[Round "3"]
[White "Foglia, Maurizio"]
[Black "Rovedi, Mauro"]
[Result "1-0"]
[WhiteElo "2164"]
[BlackElo "2047"]
[PlyCount "97"]
[EventDate "2009.01.02"]

1. d4 Nf6 2. Nf3 c5 3. c3 e6 4. g3 d5 5. Bg2 Nc6 6. O-O Be7 7. dxc5 Bxc5 8.
Nbd2 O-O 9. Nb3 Be7 10. Bf4 Nh5 11. Be3 Na5 12. Bc5 Nc4 13. Bxe7 Qxe7 14. Qc2
Bd7 15. Nbd2 Nd6 16. Ne5 Nf6 17. Nb3 Ba4 18. Qd3 Bb5 19. Qd1 Nd7 20. Nxd7 Qxd7
21. Nd4 Bc6 22. b3 Rad8 23. Qc2 e5 24. Nf3 Rfe8 25. Rfd1 f6 26. Ne1 Qf5 27.
Qxf5 Nxf5 28. Nc2 a5 29. Rac1 Kf8 30. Bh3 Nd6 31. Ne3 Ne4 32. a4 Ng5 33. Bg2 d4
34. Bxc6 bxc6 35. Nc4 dxc3 36. Rxd8 Rxd8 37. Rxc3 Ne4 38. Re3 Rd1+ 39. Kg2 Nc5
40. Nxa5 Rb1 41. Rc3 Ne6 42. Nxc6 g5 43. b4 g4 44. h4 gxh3+ 45. Kxh3 Rg1 46.
Kh2 Re1 47. Rc2 Ra1 48. a5 Ke8 49. Rd2 1-0

[Event "I Open Adriatico Ionio A"]
[Site "Ancona ITA"]
[Date "2009.01.04"]
[Round "3"]
[White "Guido, Flavio"]
[Black "Medancic, Rikard"]
[Result "1/2-1/2"]
[WhiteElo "2382"]
[BlackElo "2242"]
[PlyCount "82"]
[EventDate "2009.01.02"]

1. e4 g6 2. d4 Bg7 3. Nc3 d6 4. Be3 a6 5. Qd2 Nd7 6. a4 b6 7. Nf3 Bb7 8. Bd3 e6
9. O-O Ne7 10. Bh6 O-O 11. Bxg7 Kxg7 12. Qf4 h6 13. Rfe1 g5 14. Qg3 Ng6 15. e5
Bxf3 16. Qxf3 d5 17. Ne2 c5 18. c3 Qe7 19. Rac1 c4 20. Bc2 b5 21. Qg3 f5 22.
exf6+ Nxf6 23. Bxg6 Kxg6 24. f3 Nh5 25. Qe5 Rac8 26. axb5 axb5 27. Ra1 Ra8 28.
h3 Ng7 29. Ng3 Qf6 30. Qd6 Qf4 31. Qxf4 gxf4 32. Ne2 Kf5 33. Kf2 Rfb8 34. h4
Rxa1 35. Rxa1 b4 36. Ra7 bxc3 37. bxc3 Nh5 38. Rf7+ Kg6 39. Re7 Kf6 40. Rh7 Kg6
41. Re7 Kf6 1/2-1/2

[Event "I Open Adriatico Ionio A"]
[Site "Ancona ITA"]
[Date "2009.01.04"]
[Round "3"]
[White "Jakovljevic, Vlado"]
[Black "Bellia, Fabrizio"]
[Result "0-1"]
[WhiteElo "2420"]
[BlackElo "2413"]
[PlyCount "102"]
[EventDate "2009.01.02"]

1. Nf3 Nf6 2. c4 e6 3. Nc3 d5 4. d4 c6 5. e3 Nbd7 6. Bd3 dxc4 7. Bxc4 b5 8. Bd3
Bd6 9. O-O O-O 10. e4 e5 11. Bg5 h6 12. Bh4 exd4 13. Nxd4 Ne5 14. Bc2 Re8 15.
Bg3 Bb7 16. Nf5 Bf8 17. Bxe5 Rxe5 18. Qf3 b4 19. Ne2 Qd2 20. Rfc1 Rae8 21. Ne3
Ba6 22. Ng3 Qd7 23. Nef5 Qd2 24. Ne3 Qd7 25. Nef5 Qd2 26. Bb3 Rc5 27. Rd1 Qxb2
28. Nh5 Kh8 29. Rab1 Qe5 30. Nxf6 Qxf6 31. Rd7 Bc4 32. Rxa7 Bxb3 33. Qxb3 Kg8
34. Qf3 Rc3 35. Qf4 Bc5 36. Rb7 Rc2 37. Rf1 Rxf2 38. Qxf2 Bxf2+ 39. Rxf2 Rxe4
40. g3 Kh7 41. Nh4 Qd4 42. Rbxf7 Re2 43. Rxg7+ Kh8 44. Rgf7 Rxf2 45. Rxf2 Qd1+
46. Kg2 c5 47. Kh3 Qd7+ 48. g4 c4 49. Ng6+ Kg8 50. Ne5 Qd4 51. Rf5 c3 0-1

[Event "I Open Adriatico Ionio A"]
[Site "Ancona ITA"]
[Date "2009.01.04"]
[Round "3"]
[White "Lazic, Miroljub"]
[Black "Bruno, Fabio"]
[Result "0-1"]
[WhiteElo "2454"]
[BlackElo "2460"]
[PlyCount "122"]
[EventDate "2009.01.02"]

1. Nf3 d5 2. b3 Nf6 3. e3 e6 4. Bb2 Bd6 5. Be2 O-O 6. O-O c5 7. c4 Nc6 8. d3 d4
9. exd4 cxd4 10. a3 a5 11. Nbd2 e5 12. Re1 h6 13. Nf1 Re8 14. Ng3 Rb8 15. Nd2
Na7 16. Bf3 Bf8 17. b4 b5 18. c5 Bb7 19. Bxb7 Rxb7 20. Qf3 Rc7 21. Nde4 Nxe4
22. Nxe4 Nc6 23. Bc1 axb4 24. Bd2 bxa3 25. Rxa3 Re6 26. Ra6 Rc8 27. Rb1 b4 28.
Rb6 Bxc5 29. Nxc5 Qxb6 30. Nxe6 fxe6 31. Qg4 Ne7 32. Bxh6 Nf5 33. Bd2 b3 34.
Qd1 b2 35. Qa4 Kh7 36. h3 Rb8 37. Kf1 Ne7 38. Qd1 Kg8 39. Qe2 Qb5 40. Kg1 Qd5
41. Kh2 Rb5 42. Bg5 Qa2 43. Qc2 Qxb1 44. Qxb1 Nd5 45. Bc1 Nc3 46. Qxb2 Rxb2 47.
Bxb2 Nd1 48. Ba3 Nxf2 49. Kg3 Nxd3 50. Kf3 Ne1+ 51. Ke4 Nxg2 52. Kxe5 Ne3 53.
Bc1 Nc2 54. Kxe6 Na1 55. Kf5 Nb3 56. Bg5 d3 57. Kg6 d2 58. Bxd2 Nxd2 59. h4 Nf3
60. h5 Ne5+ 61. Kf5 Nf7 0-1

[Event "I Open Adriatico Ionio A"]
[Site "Ancona ITA"]
[Date "2009.01.04"]
[Round "3"]
[White "Rago, Riccardo"]
[Black "De Santis, Alessio"]
[Result "0-1"]
[WhiteElo "2076"]
[BlackElo "2278"]
[PlyCount "74"]
[EventDate "2009.01.02"]

1. e4 g6 2. d4 Bg7 3. Nf3 d6 4. Nc3 Nd7 5. Bc4 e6 6. O-O a6 7. a4 b6 8. Be3 Bb7
9. d5 e5 10. Qd2 h6 11. Ne1 Ne7 12. Nd3 g5 13. g3 f5 14. f3 f4 15. Bf2 Bc8 16.
Kh1 Ng6 17. Ne2 Qf6 18. gxf4 exf4 19. Nd4 Nde5 20. Nxe5 Nxe5 21. Be2 Bh3 22.
Rg1 O-O 23. c3 Kh8 24. Bf1 Bd7 25. h3 Rf7 26. Be1 h5 27. Kg2 Bh6 28. b3 Rg8 29.
Kf2 a5 30. Ke2 g4 31. hxg4 hxg4 32. Kd1 gxf3 33. Rh1 Rh7 34. Bh3 Bxh3 35. Rxh3
Rg2 36. Bf2 Ng4 37. Rxf3 Nxf2+ 0-1

[Event "I Open Adriatico Ionio A"]
[Site "Ancona ITA"]
[Date "2009.01.04"]
[Round "3"]
[White "Skembris, Spyridon"]
[Black "Iordachescu, Viorel"]
[Result "1/2-1/2"]
[WhiteElo "2413"]
[BlackElo "2584"]
[PlyCount "37"]
[EventDate "2009.01.02"]

1. d4 Nf6 2. c4 e6 3. Nf3 c5 4. d5 d6 5. Nc3 exd5 6. cxd5 g6 7. e4 Bg7 8. Bb5+
Bd7 9. a4 O-O 10. O-O a6 11. Bxd7 Nbxd7 12. Re1 Qc7 13. a5 Rfe8 14. h3 c4 15.
Ra4 b5 16. axb6 Nxb6 17. Ra3 Nfd7 18. Na4 Rab8 19. Qe2 1/2-1/2

[Event "I Open Adriatico Ionio A"]
[Site "Ancona ITA"]
[Date "2009.01.04"]
[Round "3"]
[White "Stella, Andrea"]
[Black "Bontempi, Piero"]
[Result "1/2-1/2"]
[WhiteElo "2273"]
[BlackElo "2365"]
[PlyCount "123"]
[EventDate "2009.01.02"]

1. d4 d5 2. c4 Bf5 3. cxd5 Bxb1 4. Qa4+ c6 5. Rxb1 Qxd5 6. f3 e5 7. dxe5 Qxe5
8. e4 Bc5 9. Nh3 Nf6 10. Nf2 Qd4 11. Qxd4 Bxd4 12. Be2 O-O 13. O-O c5 14. b4
cxb4 15. Rxb4 Bb6 16. Rd1 Nc6 17. Rc4 Ne5 18. Rc3 Rfc8 19. Bb2 Ng6 20. g3 Rxc3
21. Bxc3 Rc8 22. Be1 Rc2 23. Rd2 Rc1 24. Rd1 Rc8 25. a4 Ne5 26. a5 Be3 27. Kf1
g5 28. Rb1 Rc7 29. Nd1 Bd4 30. h3 Nfd7 31. Bd2 f6 32. Ne3 b6 33. Nf5 Rc2 34.
Bxg5 Bc5 35. Be3 bxa5 36. f4 Nc4 37. Bxc4+ Rxc4 38. Bxc5 Rxc5 39. Rb7 Rc1+ 40.
Kg2 Nc5 41. Rxa7 a4 42. Ne7+ Kf7 43. f5 Nxe4 44. Nd5+ Kf8 45. Rxa4 Rc5 46. Rxe4
Rxd5 47. g4 h5 48. Kg3 Kg7 49. Kf4 hxg4 50. hxg4 Rd1 51. Re7+ Kh6 52. Rf7 Rd6
53. Kg3 Rd3+ 54. Kf4 Rd4+ 55. Kf3 Rd3+ 56. Ke4 Rd6 57. Re7 Ra6 58. Rf7 Rd6 59.
Kf4 Rd4+ 60. Kg3 Rd6 61. Kh4 Ra6 62. Rf8 1/2-1/2

[Event "I Open Adriatico Ionio A"]
[Site "Ancona ITA"]
[Date "2009.01.04"]
[Round "3"]
[White "Tocchioni, Doriano"]
[Black "Rotoni, Matteo"]
[Result "1-0"]
[WhiteElo "2264"]
[BlackElo "2168"]
[PlyCount "69"]
[EventDate "2009.01.02"]

1. d4 d5 2. Nf3 Nc6 3. c4 Bg4 4. cxd5 Bxf3 5. gxf3 Qxd5 6. e3 e5 7. Nc3 Bb4 8.
Bd2 Bxc3 9. bxc3 Nf6 10. Rb1 O-O 11. c4 Qd7 12. d5 Nd8 13. Rg1 Re8 14. Bc3 Qd6
15. Qd3 Nd7 16. Qf5 Nc5 17. Be2 b6 18. h4 g6 19. h5 Qd7 20. Qg5 Qe7 21. Qg3
Ndb7 22. e4 Nd6 23. Kf1 Qf6 24. Re1 a5 25. Bd2 Qg7 26. Qh4 f6 27. hxg6 hxg6 28.
Bh6 Qf7 29. f4 Ncxe4 30. Bh5 Nd2+ 31. Ke2 Nf5 32. Bxg6 exf4+ 33. Kxd2 Nxh4 34.
Bxf7+ Kh8 35. Rxe8+ 1-0

[Event "I Open Adriatico Ionio A"]
[Site "Ancona ITA"]
[Date "2009.01.04"]
[Round "3"]
[White "Trabert, Bettina"]
[Black "Madeira Martins, Wagner"]
[Result "1-0"]
[WhiteElo "2306"]
[BlackElo "2212"]
[PlyCount "67"]
[EventDate "2009.01.02"]

1. e4 c5 2. Nf3 Nc6 3. d4 cxd4 4. Nxd4 Nf6 5. Nc3 e5 6. Ndb5 d6 7. Bg5 a6 8.
Na3 b5 9. Nd5 Qa5+ 10. Bd2 Qd8 11. Bd3 Nxd5 12. exd5 Ne7 13. c4 bxc4 14. Nxc4
Ng6 15. O-O Nf4 16. Bxf4 exf4 17. Qa4+ Qd7 18. Rfe1+ Be7 19. Nxd6+ Kf8 20. Qxd7
Bxd7 21. Ne4 Bb4 22. Rec1 Ke7 23. a3 Bd6 24. Re1 Rhb8 25. b4 a5 26. Nd2+ Kd8
27. Nc4 Bc7 28. d6 Bb6 29. Be4 Ra7 30. Rab1 a4 31. Ne5 f6 32. Nc6+ Bxc6 33.
Bxc6 Rd7 34. Rbd1 1-0

[Event "I Open Adriatico Ionio A"]
[Site "Ancona ITA"]
[Date "2009.01.04"]
[Round "3"]
[White "Vuelban, Virgilio"]
[Black "Brih, Said"]
[Result "1-0"]
[WhiteElo "2411"]
[BlackElo "2268"]
[PlyCount "77"]
[EventDate "2009.01.02"]

1. d4 Nf6 2. c4 g6 3. Nc3 d5 4. cxd5 Nxd5 5. e4 Nxc3 6. bxc3 Bg7 7. Bc4 c5 8.
Ne2 Nc6 9. Be3 O-O 10. O-O Qc7 11. Rc1 Rd8 12. Bf4 Be5 13. Bg3 Bxg3 14. Nxg3
cxd4 15. cxd4 Qb6 16. Qf3 Rf8 17. d5 Ne5 18. Qe3 Qf6 19. f4 Ng4 20. Qf3 Bd7 21.
h3 Qb6+ 22. Kh1 Ne3 23. Rfe1 Nxc4 24. Rxc4 Rfc8 25. Rec1 Qb2 26. R1c2 Qa1+ 27.
Kh2 h5 28. e5 h4 29. Ne4 Rxc4 30. Rxc4 Bf5 31. d6 Qb2 32. Qc3 b5 33. Rd4 Bxe4
34. Rxe4 Qf2 35. Qc6 Rd8 36. Qc7 Qb6 37. Qxe7 b4 38. Rxb4 Qxb4 39. Qxd8+ 1-0

[Event "I Open Adriatico Ionio A"]
[Site "Ancona ITA"]
[Date "2009.01.04"]
[Round "4"]
[White "Bellia, Fabrizio"]
[Black "Skembris, Spyridon"]
[Result "1/2-1/2"]
[WhiteElo "2413"]
[BlackElo "2413"]
[PlyCount "29"]
[EventDate "2009.01.02"]

1. e4 e5 2. Nf3 Nf6 3. Nxe5 d6 4. Nf3 Nxe4 5. d4 Be7 6. Bd3 d5 7. O-O Nd6 8.
Bf4 O-O 9. c3 Nd7 10. Qc2 Nf6 11. Nbd2 g6 12. Rfe1 Bf5 13. Bxd6 Bxd3 14. Bxe7
Bxc2 15. Bxd8 1/2-1/2

[Event "I Open Adriatico Ionio A"]
[Site "Ancona ITA"]
[Date "2009.01.04"]
[Round "4"]
[White "Bontempi, Piero"]
[Black "Guido, Flavio"]
[Result "0-1"]
[WhiteElo "2365"]
[BlackElo "2382"]
[PlyCount "90"]
[EventDate "2009.01.02"]

1. e4 c5 2. c3 Nf6 3. Bd3 Nc6 4. Nf3 g6 5. Bc2 Bg7 6. O-O O-O 7. h3 e5 8. Na3
d5 9. d3 a6 10. Bg5 h6 11. Bxf6 Bxf6 12. Bb3 Be6 13. Nc2 c4 14. Ba4 b5 15. exd5
Bxd5 16. dxc4 Bxc4 17. Bb3 Bxf1 18. Qxf1 Na5 19. Rd1 Qc7 20. Bd5 Rad8 21. Ne3
Rd7 22. Nd2 Rfd8 23. Ne4 Be7 24. Qe2 Kg7 25. Rd3 Nc4 26. Qf3 Bh4 27. Bxc4 Rxd3
28. Bxd3 Rxd3 29. g4 Rd8 30. Qe2 Be7 31. a4 Qc6 32. Ng3 bxa4 33. Nc4 Qb5 34.
Ne4 Rc8 35. Ned2 Bg5 36. Qe4 Rd8 37. Nf3 Bf4 38. Nfxe5 Rd1+ 39. Kg2 Bxe5 40.
Nxe5 Qf1+ 41. Kg3 Qg1+ 42. Kf4 Qxf2+ 43. Nf3 Rd6 44. g5 hxg5+ 45. Kxg5 Qg3+ 0-1

[Event "I Open Adriatico Ionio A"]
[Site "Ancona ITA"]
[Date "2009.01.04"]
[Round "4"]
[White "Brih, Said"]
[Black "Tocchioni, Doriano"]
[Result "0-1"]
[WhiteElo "2268"]
[BlackElo "2264"]
[PlyCount "111"]
[EventDate "2009.01.02"]

1. Nf3 Nf6 2. d4 b6 3. c4 e6 4. Nc3 Bb4 5. e3 Bb7 6. a3 Bxc3+ 7. bxc3 d6 8. Bd3
Qe7 9. O-O Nbd7 10. Nd2 e5 11. e4 g5 12. c5 dxc5 13. d5 O-O-O 14. Qa4 Kb8 15.
Rb1 Ne8 16. Nb3 Nd6 17. Ba6 Bxa6 18. Qxa6 Ka8 19. Qc4 Nb8 20. f3 Rhg8 21. Nd2
Qd7 22. Qb3 f5 23. a4 g4 24. f4 Rge8 25. c4 fxe4 26. fxe5 Rxe5 27. Bb2 Ree8 28.
Bf6 Rc8 29. Rbe1 Nc6 30. Rf4 Nb4 31. Nxe4 Nxe4 32. Rfxe4 Rxe4 33. Rxe4 Qf5 34.
Re6 Rf8 35. Qb2 Qd3 36. Re1 Qxc4 37. Bg7 Rd8 38. Qe5 Qd4+ 39. Qxd4 cxd4 40.
Bxd4 Rxd5 41. Re4 h5 42. Bf6 Rf5 43. Bd8 Nd5 44. h3 gxh3 45. gxh3 Kb7 46. h4 c5
47. Bg5 a6 48. Re6 b5 49. axb5 axb5 50. Rh6 b4 51. Rh7+ Kc6 52. Rxh5 c4 53. Rh8
c3 54. Rc8+ Nc7 55. Bd8 Rf7 56. Kh2 0-1

[Event "I Open Adriatico Ionio A"]
[Site "Ancona ITA"]
[Date "2009.01.04"]
[Round "4"]
[White "Bruno, Fabio"]
[Black "Vuelban, Virgilio"]
[Result "1-0"]
[WhiteElo "2460"]
[BlackElo "2411"]
[PlyCount "65"]
[EventDate "2009.01.02"]

1. d4 Nf6 2. Nf3 e6 3. e3 c5 4. Bd3 Nc6 5. O-O d5 6. c3 Bd6 7. Nbd2 O-O 8. Qe2
cxd4 9. exd4 Qc7 10. Re1 b6 11. Nf1 Bb7 12. Ng3 Bf4 13. Ne5 Bxc1 14. Raxc1 Ne7
15. Qd2 Nc8 16. Qf4 Ne7 17. Re3 Rac8 18. Rce1 Ng6 19. Bxg6 hxg6 20. Qh4 Qd8 21.
Nf3 Nh7 22. Qh3 Rc7 23. Ne2 Bc8 24. Qg3 Ba6 25. Nf4 Rc8 26. Nh3 Re8 27. Nhg5
Nf6 28. Qh4 Re7 29. g4 Qe8 30. Ne5 Kf8 31. Ngxf7 Rxf7 32. Nxg6+ Kg8 33. Qh8#
1-0

[Event "I Open Adriatico Ionio A"]
[Site "Ancona ITA"]
[Date "2009.01.04"]
[Round "4"]
[White "De Santis, Alessio"]
[Black "Lazic, Miroljub"]
[Result "1-0"]
[WhiteElo "2278"]
[BlackElo "2454"]
[PlyCount "75"]
[EventDate "2009.01.02"]

1. d4 d5 2. c4 c6 3. Nc3 Nf6 4. e3 e6 5. Nf3 a6 6. a4 c5 7. cxd5 exd5 8. Bd3
Nc6 9. h3 Bd6 10. O-O O-O 11. Bd2 Re8 12. dxc5 Bxc5 13. Rc1 Ba7 14. Ne2 Qd6 15.
Bc3 Bd7 16. Qd2 Rad8 17. Rfd1 Qe7 18. Bxf6 Qxf6 19. Qc3 Qh6 20. b4 Bb8 21. b5
Ne5 22. Nxe5 Bxe5 23. Qb4 a5 24. Qd2 Bb8 25. Nd4 Bxh3 26. gxh3 Qxh3 27. Bf5
Qh2+ 28. Kf1 g6 29. Bg4 Qh4 30. Bf3 Rd6 31. Bg2 Rf6 32. Bxd5 Bg3 33. Nf3 Qh3+
34. Ke2 Qg2 35. Rf1 Kg7 36. Qd4 Bf4 37. Rc3 Qh3 38. Bxb7 1-0

[Event "I Open Adriatico Ionio A"]
[Site "Ancona ITA"]
[Date "2009.01.04"]
[Round "4"]
[White "Foglia, Maurizio"]
[Black "Jakovljevic, Vlado"]
[Result "0-1"]
[WhiteElo "2164"]
[BlackElo "2420"]
[PlyCount "66"]
[EventDate "2009.01.02"]

1. d4 d5 2. Nf3 Nf6 3. g3 g6 4. Bg2 Bg7 5. O-O O-O 6. c4 dxc4 7. Na3 c3 8. bxc3
c5 9. Bb2 Nc6 10. e3 Bf5 11. Qe2 Qa5 12. Rfd1 Rfd8 13. Nd2 cxd4 14. cxd4 Bg4
15. f3 Be6 16. Nb3 Bxb3 17. axb3 Qb4 18. Rd3 Nd5 19. Nc2 Qb6 20. Rb1 Rac8 21.
h4 e5 22. dxe5 Nxe5 23. Bd4 Qc7 24. Rd2 Nc6 25. Bxg7 Kxg7 26. Qf2 Nc3 27. Ra1
b6 28. Kh2 Ne5 29. Nd4 Ne4 30. Qe1 Nxd2 31. Qxd2 Nc6 32. f4 Nxd4 33. exd4 Qc3
0-1

[Event "I Open Adriatico Ionio A"]
[Site "Ancona ITA"]
[Date "2009.01.04"]
[Round "4"]
[White "Iordachescu, Viorel"]
[Black "Drasko, Milan"]
[Result "1-0"]
[WhiteElo "2584"]
[BlackElo "2533"]
[PlyCount "63"]
[EventDate "2009.01.02"]

1. e4 e6 2. d4 d5 3. Nd2 Be7 4. Ngf3 Nf6 5. e5 Nfd7 6. Bd3 c5 7. c3 b6 8. Qe2
a5 9. h4 Ba6 10. Bxa6 Nxa6 11. h5 Nc7 12. h6 g6 13. Nh2 f6 14. exf6 Nxf6 15.
Nhf3 O-O 16. Ng5 Qd7 17. Ndf3 cxd4 18. cxd4 Bb4+ 19. Kf1 Bd6 20. Kg1 Rae8 21.
Rh4 a4 22. Bd2 Nh5 23. Ne5 Qb5 24. Qxb5 Nxb5 25. Nd7 Rxf2 26. Rxh5 Rxd2 27.
Nf6+ Kf8 28. Ngxh7+ Kf7 29. Nxe8 gxh5 30. Ng5+ Kg6 31. h7 Nxd4 32. Nxd6 1-0

[Event "I Open Adriatico Ionio A"]
[Site "Ancona ITA"]
[Date "2009.01.04"]
[Round "4"]
[White "Kizov, Atanas"]
[Black "Stella, Andrea"]
[Result "1-0"]
[WhiteElo "2404"]
[BlackElo "2273"]
[PlyCount "75"]
[EventDate "2009.01.02"]

1. d4 Nf6 2. Nf3 e6 3. g3 b6 4. Bg2 Bb7 5. O-O Be7 6. c4 O-O 7. Re1 Na6 8. Nc3
Ne4 9. Nxe4 Bxe4 10. Ne5 Bxg2 11. Kxg2 Qc8 12. e4 c6 13. Qa4 Qb7 14. Bd2 Rfc8
15. Rac1 d6 16. Nf3 Nc7 17. h4 Bf8 18. Qc2 d5 19. cxd5 cxd5 20. e5 Qa6 21. Ng5
g6 22. Qb3 Bh6 23. Be3 Bxg5 24. Bxg5 Ne8 25. h5 Rxc1 26. Rxc1 Rc8 27. Rxc8 Qxc8
28. Qa4 a6 29. h6 f5 30. Qa3 Qb7 31. Bd8 Kf7 32. Qb4 b5 33. Qc5 Qd7 34. Qb6 Kg8
35. Bg5 Qc8 36. Qa7 Qc6 37. Qe7 Qc8 38. Bd2 1-0

[Event "I Open Adriatico Ionio A"]
[Site "Ancona ITA"]
[Date "2009.01.04"]
[Round "4"]
[White "Madeira Martins, Wagner"]
[Black "Rago, Riccardo"]
[Result "1-0"]
[WhiteElo "2212"]
[BlackElo "2076"]
[PlyCount "137"]
[EventDate "2009.01.02"]

1. e4 c5 2. c3 d5 3. exd5 Qxd5 4. d4 e6 5. Nf3 Nf6 6. Be2 cxd4 7. cxd4 Nc6 8.
Nc3 Bb4 9. O-O Qd8 10. Qb3 O-O 11. Rd1 Nd5 12. Nxd5 exd5 13. Ne5 Be7 14. Bf3
Nxe5 15. dxe5 d4 16. Qc4 Be6 17. Qxd4 Qc7 18. Be3 Rfd8 19. Rdc1 Qa5 20. Qc3 Bb4
21. Qc7 Rd7 22. Qxa5 Bxa5 23. b3 h6 24. Rd1 Rc7 25. Rac1 Bc3 26. Bd4 Rac8 27.
Bxc3 Rxc3 28. Rxc3 Rxc3 29. Bxb7 g5 30. g3 Rc2 31. Bd5 Rxa2 32. Bxe6 fxe6 33.
Rd7 Rb2 34. Re7 Rxb3 35. Rxe6 Kg7 36. Re7+ Kg6 37. Rxa7 Kf5 38. e6 Kxe6 39.
Ra6+ Kf5 40. Rxh6 Ra3 41. h4 g4 42. Rb6 Ra4 43. Kg2 Rc4 44. Rb5+ Kg6 45. Rb2
Kh5 46. f3 Ra4 47. Rb5+ Kh6 48. fxg4 Rxg4 49. Rb6+ Kh7 50. Kh3 Rc4 51. Rf6 Kg7
52. Rf4 Rc1 53. Ra4 Rc6 54. h5 Rb6 55. Kh4 Rc6 56. g4 Rc7 57. Ra6 Rc1 58. Ra7+
Kf6 59. Ra6+ Kg7 60. Rg6+ Kh7 61. Rf6 Kg7 62. Kg5 Rc5+ 63. Rf5 Rc6 64. Ra5 Rc7
65. h6+ Kh7 66. Kh5 Rc1 67. Ra7+ Kg8 68. g5 Rc6 69. Ra8+ 1-0

[Event "I Open Adriatico Ionio A"]
[Site "Ancona ITA"]
[Date "2009.01.04"]
[Round "4"]
[White "Rovedi, Mauro"]
[Black "Rotoni, Matteo"]
[Result "0-1"]
[WhiteElo "2047"]
[BlackElo "2168"]
[PlyCount "70"]
[EventDate "2009.01.02"]

1. e4 e6 2. d3 d5 3. Nd2 Nf6 4. Ngf3 Nc6 5. c3 a5 6. e5 Nd7 7. d4 Be7 8. Bb5
O-O 9. O-O f6 10. Qe2 fxe5 11. dxe5 Nc5 12. Nd4 Nxd4 13. cxd4 c6 14. dxc5 cxb5
15. b4 b6 16. Rd1 bxc5 17. bxc5 Qc7 18. Nf3 Bxc5 19. Be3 Bxe3 20. Qxe3 Bd7 21.
Rac1 Qb7 22. Qd3 h6 23. Nd4 Rac8 24. Rb1 b4 25. Qg6 Qb6 26. Rd3 Rf7 27. h3 Rc4
28. Rbd1 a4 29. Kh1 Rc3 30. f4 Rxf4 31. Rxc3 bxc3 32. Rb1 Qxd4 33. Rb8+ Rf8 34.
Rb7 Rf1+ 35. Kh2 Qf4+ 0-1

[Event "I Open Adriatico Ionio A"]
[Site "Ancona ITA"]
[Date "2009.01.05"]
[Round "5"]
[White "Bruno, Fabio"]
[Black "Iordachescu, Viorel"]
[Result "1/2-1/2"]
[WhiteElo "2460"]
[BlackElo "2584"]
[PlyCount "60"]
[EventDate "2009.01.02"]

1. d4 Nf6 2. Nf3 e6 3. e3 c5 4. Bd3 b6 5. O-O Bb7 6. c4 g6 7. d5 exd5 8. cxd5
Bg7 9. e4 O-O 10. Nc3 d6 11. Bf4 a6 12. a4 Nh5 13. Bg5 Qc7 14. Qd2 Nd7 15. Bh6
Rae8 16. Rfe1 Bc8 17. Rac1 Qd8 18. Bxg7 Kxg7 19. Nd1 Nhf6 20. b3 Re7 21. Nb2 b5
22. axb5 axb5 23. Qf4 Qb6 24. Nd1 Rfe8 25. Nc3 b4 26. Na4 Qb8 27. h3 Ne5 28.
Nxe5 Rxe5 29. Re3 Qa7 30. Rce1 g5 1/2-1/2

[Event "I Open Adriatico Ionio A"]
[Site "Ancona ITA"]
[Date "2009.01.05"]
[Round "5"]
[White "Drasko, Milan"]
[Black "Trabert, Bettina"]
[Result "1-0"]
[WhiteElo "2533"]
[BlackElo "2306"]
[PlyCount "116"]
[EventDate "2009.01.02"]

1. Nf3 d5 2. g3 Bg4 3. Bg2 Nd7 4. O-O c6 5. d3 Ngf6 6. Qe1 e5 7. e4 dxe4 8.
dxe4 Bc5 9. Nbd2 O-O 10. h3 Bxf3 11. Bxf3 Re8 12. a4 a5 13. Nc4 Qc7 14. Bd2 b6
15. Qe2 Nf8 16. Rfd1 Ne6 17. c3 Rad8 18. h4 Re7 19. Bg2 Nd7 20. Be1 f6 21. Bh3
Ndf8 22. Rxd8 Qxd8 23. Rd1 Rd7 24. Rxd7 Qxd7 25. Kf1 Qd8 26. Bg4 g6 27. Bd2 Kg7
28. h5 Kf7 29. Ke1 Ke7 30. Kd1 Qc7 31. Qf1 Qd8 32. Kc2 Qc7 33. hxg6 hxg6 34. f3
Kf7 35. Qh3 Qe7 36. Qh8 Ke8 37. Bh6 Qf7 38. Bxe6 Qxe6 39. Bxf8 Bxf8 40. Nxb6 f5
41. b3 fxe4 42. fxe4 Kf7 43. Nc4 Bg7 44. Qd8 Bf8 45. Qxa5 Qh3 46. Qa7+ Ke6 47.
Qf2 Be7 48. b4 Qh1 49. Qe3 Qa1 50. Nb2 Qa2 51. Qd3 Qa1 52. Kb3 Bg5 53. Nc4 Be7
54. a5 Kf6 55. Nb6 Qg1 56. Nc4 Qa1 57. Ne3 Ke6 58. Qd1 Bh4 1-0

[Event "I Open Adriatico Ionio A"]
[Site "Ancona ITA"]
[Date "2009.01.05"]
[Round "5"]
[White "Guido, Flavio"]
[Black "Bellia, Fabrizio"]
[Result "1/2-1/2"]
[WhiteElo "2382"]
[BlackElo "2413"]
[PlyCount "34"]
[EventDate "2009.01.02"]

1. e4 e5 2. Nf3 Nc6 3. Bc4 Nf6 4. d3 Bc5 5. O-O a6 6. Bb3 d6 7. c3 Ba7 8. Nbd2
O-O 9. h3 h6 10. Re1 Nh5 11. Nf1 Qf6 12. Ne3 Nf4 13. Nd5 Nxd5 14. Bxd5 Qg6 15.
Kf1 Qh5 16. d4 exd4 17. Nxd4 Qxd1 1/2-1/2

[Event "I Open Adriatico Ionio A"]
[Site "Ancona ITA"]
[Date "2009.01.05"]
[Round "5"]
[White "Jakovljevic, Vlado"]
[Black "Medancic, Rikard"]
[Result "0-1"]
[WhiteElo "2420"]
[BlackElo "2242"]
[PlyCount "144"]
[EventDate "2009.01.02"]

1. Nf3 d5 2. d4 Nf6 3. c4 dxc4 4. e3 Bg4 5. Bxc4 e6 6. h3 Bh5 7. O-O Nbd7 8.
Nc3 Bd6 9. e4 e5 10. d5 a6 11. Be2 O-O 12. Be3 Re8 13. Nd2 Bg6 14. Bf3 Bc5 15.
Bg5 h6 16. Bh4 Qb8 17. Re1 Qa7 18. Rc1 Rac8 19. Nb3 Be7 20. Bg3 Bd6 21. Qe2 Qb6
22. Bh4 Qb4 23. Rc2 Be7 24. Rec1 c5 25. Nd2 b5 26. b3 Qa5 27. Bg3 Bd6 28. Nd1
Rb8 29. Ne3 Qb6 30. Kh1 Ra8 31. Bh2 Rad8 32. Bg1 Bh7 33. g4 Nf8 34. Nf5 N6d7
35. Qe3 Ng6 36. g5 Nf4 37. gxh6 Nxh3 38. Nxg7 Rf8 39. Bg4 Nf4 40. Bh2 Nf6 41.
Bf5 Kh8 42. Rg1 Rg8 43. Bxh7 Kxh7 44. b4 Nd7 45. Nf5 Rxg1+ 46. Bxg1 Bf8 47.
bxc5 Bxc5 48. Qf3 Rg8 49. Nf1 Qa5 50. Qd1 Qa4 51. N1g3 Nf6 52. Rd2 Qxd1 53.
Rxd1 b4 54. f3 Bxg1 55. Kxg1 Rc8 56. Rd2 Rc3 57. d6 Nd7 58. Kf2 Ne6 59. Ne2 Rc5
60. Ke3 Ra5 61. Nc1 Nec5 62. Nb3 Ra3 63. Rb2 a5 64. Ke2 Ne6 65. Kd3 Nb6 66. Ke2
Nf4+ 67. Kf1 Ne6 68. Rc2 a4 69. Nd2 Rd3 70. Nc4 b3 71. axb3 axb3 72. Nb2 Rd1+
0-1

[Event "I Open Adriatico Ionio A"]
[Site "Ancona ITA"]
[Date "2009.01.05"]
[Round "5"]
[White "Rotoni, Matteo"]
[Black "Lazic, Miroljub"]
[Result "0-1"]
[WhiteElo "2168"]
[BlackElo "2454"]
[PlyCount "87"]
[EventDate "2009.01.02"]

1. e4 d6 2. d4 Nf6 3. Nc3 e5 4. dxe5 dxe5 5. Qxd8+ Kxd8 6. Bg5 c6 7. g3 Bb4 8.
O-O-O+ Ke8 9. Bxf6 gxf6 10. f4 Bxc3 11. bxc3 Nd7 12. Nf3 Nc5 13. Bd3 Bg4 14.
Rhf1 Rd8 15. Rd2 Bxf3 16. Rxf3 Rd7 17. fxe5 fxe5 18. Rf5 Re7 19. Rdf2 Rg8 20.
Rh5 Rg7 21. Rff5 Nd7 22. Rh6 Nf8 23. Be2 Rg6 24. Rhh5 f6 25. Rh4 Kd8 26. Bh5
Rh6 27. g4 Ne6 28. Rh3 Nf4 29. Rf3 Kd7 30. Rf2 Rg7 31. Kd2 Ke7 32. Ke3 Nxh5 33.
gxh5 Rg4 34. R2f3 Rh4 35. Rg3 Kf7 36. Rf2 R6xh5 37. Rd2 Ke6 38. Rg7 Rh3+ 39.
Rg3 Rxh2 40. Rxh2 Rxh2 41. Rg7 Rxc2 42. Rxh7 Rxc3+ 43. Kd2 Ra3 44. Rh5 0-1